Responses for Show #3051 - Monday, December 1, 1997

Contestants

[<< previous game]

Toni McLaurin, an orthopedic surgeon from Atlanta, Georgia

Rod McCarvel, an attorney from Seattle, Washington

Heather O'Neill, a program assistant from Tarboro, North Carolina (whose 1-day cash winnings total $10,601)

[next game >>]

Jeopardy! Round responses

THE BIBLE
ON STAGE
EVERYONE'S A CRITIC
DINING OUT IN EUROPE
HORRORS!
LAST WORDS
    $100 20
Moses

Rod
    $100 3
A Funny Thing Happened on the Way to the Forum

Heather
    $100 15
TV Guide

Rod
    $100 1
Budapest

Toni
    $100 9
Friday the 13th

Heather
    $100 2
(Rod: Who is Oedipus?)

Socrates

Rod
Triple Stumper
    $200 21
(Toni: What is a mount?)

a sycamore tree

HeatherToni
    $200 22
Eugene O'Neill

Heather
    $200 16
Bruce Springsteen

Toni
    $200 4
Pig's feet

Toni
    $200 10
The Texas Chainsaw Massacre

Heather
    $200 8
P.T. Barnum

Rod
    $300 26
James

Triple Stumper
    $800 23
Riverdance

Heather
    $300 17
(Heather: Who is Lancaster?)

Bert Lahr

Heather
Triple Stumper
    $300 5
(Rod: What is Edinburgh?)

Glasgow

HeatherRod
    $300 11
Psycho

Heather
    $300 14
Gertrude Stein

Rod
    $400 27
(Heather: Who is Saul?)

Jonathan

Heather
Triple Stumper
    $400 24
(Alex: We have less than a minute to go.)

The Waste Land

Heather
    $400 18
Pauline Kael

Rod
    $400 6
(Toni: What is Florence?)
(Heather: What is Rome?)
(Rod: What is Milan?)

Venice

HeatherRodToni
Triple Stumper
    $400 12
Chucky

Heather
    $400 28
[The end-of-round signal sounds.]

John Adams

Rod
    $500 25
Torch Song Trilogy

Triple Stumper
    $500 19
(Rod: Who is Raymond Chandler?)

Graham Greene

Rod
Triple Stumper
    $500 7
Stratford-on-Avon

Heather
    $500 13
The Candyman

Toni

Scores at the first commercial break (after clue 14):

Heather Rod Toni
$1,500 -$300 $400

Scores at the end of the Jeopardy! Round:

Heather Rod Toni
$2,400 $200 $400

Double Jeopardy! Round responses

LITERARY POTPOURRI
TRANSPORTATION
WE ARE THE CHAMPIONS
EXPLORERS
WHERE ARE WE?
(Alex: We'll give you clues, you tell us in what city we would find ourselves.)
THE "END" IS NEAR
    $200 2
King Arthur

Heather
    $200 9
Carnival Cruise Lines

Rod
    $200 19
Canada

Rod
    $200 26
Antarctica

Heather
    $200 14
Seattle

Heather
    $200 1
Suspend

Heather
    $400 3
Utopia

Toni
    $400 10
Dragster

Triple Stumper
    $1,000 20
(Rod: What is the America's Cup?)

the Davis Cup (tennis)

Rod
    $400 27
Mecca

Rod
    $400 15
Montpelier

Heather
    $400 5
Pretend

Rod
    $600 4
Henry Wadsworth Longfellow

Rod
    $600 11
Subaru

Rod
    $600 21
Brazil

Heather
    $1,500 28
[The end-of-round signal sounds.]

Captain James Cook

Rod
    $600 16
London

Toni
    $600 6
Defend

Rod
    $800 24
(Alex: We have less than a minute to go.)

Norman Mailer

Triple Stumper
    $800 12
(Heather: What is a Hummer?)
(Toni: What is a Humvee?)

a tank

HeatherToni
Triple Stumper
    $800 22
Detroit Pistons

Heather
    $800 17
(Rod: What is San Francisco?)

New York City

HeatherRod
    $800 7
Apprehend

Toni
    $1000 25
William Faulkner

Rod
    $1000 13
(Rod: What is square?)

triangular

Rod
Triple Stumper
    $1000 23
Pittsburgh Pirates

Triple Stumper
    $1000 18
Amsterdam

Triple Stumper
    $1000 8
Reverend

Rod

Scores at the end of the Double Jeopardy! Round:

Heather Rod Toni
$5,000 $3,900 $1,400

[wagering suggestions for these scores]

Final Jeopardy! Round responses

POLITICAL ANAGRAMS
ToniWho is Mahatma Gandhi?
$1,400
RodWho is ?
$3,898
HeatherWho is I Don't?
$2,801
Margaret Thatcher

Final scores:

Heather Rod Toni
$2,199 $2 $0
2-day champion: $12,800 2nd place: Trip to Volcano House in Hawaii 3rd place: Pair of Wittnauer Watches

Game dynamics:

Coryat scores:

Heather Rod Toni
$4,500 $4,000 $1,400
19 R
(including 1 DD),
4 W
16 R
(including 1 DD),
7 W
(including 1 DD)
7 R,
3 W

Combined Coryat: $9,900

[game clues] [game scores] [suggest correction]

Game tape date: Unknown
The J! Archive is created by fans, for fans. Scraping, republication, monetization, and malicious use prohibited; this site may use cookies and collect identifying information. See terms. The Jeopardy! game show and all elements thereof, including but not limited to copyright and trademark thereto, are the property of Jeopardy Productions, Inc. and are protected under law. This website is not affiliated with, sponsored by, or operated by Jeopardy Productions, Inc. Join the discussion at JBoard.tv.